Hrdina súmrak romantickej kategórie

Bibliographic Details
Main Authors: Kusá, Alexandra, 1973- (Author), Jablonská, Beata, 1967- (Author, Curator)
Corporate Author: Slovenská sporiteľňa (Author)
Other Authors: Mičúchová, Anna (Photographer), Francisci, Peter, 1949- (Photographer)
Format: Book
Language:Slovak
English
German
PhysicalDescription:1 skladačka ([6] s.) fotogr. 30 cm
Published: [Bratislava] ARTPEX 2005
ISBN:8089205062 (brož.)
Edition:[1. vyd.]
Subjects:

MARC

LEADER 00000nam a22000005a 4500
001 vtls008693072
003 SK-MaSNL
005 20260426002123.0
008 060424s2005 xo o g c 000 0 slo
015 |a SNBE2007/01-00033 
020 |a 8089205062 (brož.) 
040 |a SNK  |b slo  |c SNK  |e AACR2 
041 0 |a slo  |a eng  |a ger 
043 |a e-xo--- 
044 |a xo  |c Sk 
072 7 |a 72/76  |x Výtvarné umenie  |2 konspekt 
080 |a (437.6)  |2 2001 
080 |a (083.824)  |2 2001 
080 |a (084.12)  |2 2001 
080 |a 72/76  |2 2001 
110 2 |a Slovenská sporiteľňa  |4 aut  |9 31268 
245 1 0 |a Hrdina  |b súmrak romantickej kategórie  |c [koncepcia výstavy, text v bulletine: Beata Jablonská a Alexandra Kusá; fotografie: Anna Mičúchová a Peter Francisci] 
250 |a [1. vyd.] 
260 |a [Bratislava]  |b ARTPEX  |c 2005 
300 |a 1 skladačka ([6] s.)  |b fotogr.  |c 30 cm 
500 |a Súbež. text angl., nem. 
500 |a Umelecká zbierka Slovenskej sporiteľne 
650 0 7 |a výtvarné umenie  |2 SNKPH  |9 723 
651 7 |a Slovensko  |2 SNKPH  |9 14231 
655 7 |a katalógy výstav  |2 SNKPH  |9 70445 
655 7 |a skladačky  |2 SNKPH  |9 70683 
700 1 |a Kusá, Alexandra,  |d 1973-  |4 aut  |9 11706 
700 1 |a Mičúchová, Anna  |4 pht  |9 45717 
700 1 |a Francisci, Peter,  |d 1949-  |4 pht  |9 251007 
700 1 |a Jablonská, Beata,  |d 1967-  |4 cur  |4 aut  |9 86396 
919 |a 80-89205-06-2 
999 |c 910299  |d 912229 
952 |a SNK  |b SNK  |y PREZ  |7 0  |p 17A0506326  |o snkOSB 14560  |i snk2006/8310  |8 0  |0 0  |1 0  |4 0  |d 2006-04-24  |l 0  |r 2026-02-24 07:41:26  |w 2026-02-24 
952 |a SNK  |b SNK  |y VYP  |7 0  |p 17A0506303  |o snkOSB 14560 D1  |i snk2006/8311  |8 0  |0 0  |1 0  |4 0  |d 2006-04-24  |l 0  |r 2026-02-24 07:41:26  |w 2026-02-24